|
|
|
|
| LEADER |
01711nam a2200445 a 4500 |
| 001 |
EBC515355 |
| 003 |
MiAaPQ |
| 005 |
20200520144314.0 |
| 006 |
m o d | |
| 007 |
cr cn||||||||| |
| 008 |
091009s2010 nyua sb 001 0 eng |
| 010 |
|
|
|z 2009040662
|
| 020 |
|
|
|z 9780415776301 (hb : alk. paper)
|
| 020 |
|
|
|z 0203854446 (master e-book)
|
| 020 |
|
|
|z 0415776309 (hardback)
|
| 020 |
|
|
|a 9780203854440 (electronic bk.)
|
| 035 |
|
|
|a (MiAaPQ)EBC515355
|
| 035 |
|
|
|a (Au-PeEL)EBL515355
|
| 035 |
|
|
|a (CaPaEBR)ebr10389431
|
| 035 |
|
|
|a (CaONFJC)MIL258683
|
| 035 |
|
|
|a (OCoLC)630537767
|
| 040 |
|
|
|a MiAaPQ
|c MiAaPQ
|d MiAaPQ
|
| 050 |
|
4 |
|a HD75.6
|b .M3925 2010
|
| 082 |
0 |
4 |
|a 333.701
|2 22
|
| 100 |
1 |
|
|a Martinez de Anguita, Pablo,
|d 1968-
|
| 245 |
1 |
0 |
|a Environmental social accounting matrices
|h [electronic resource] :
|b theory and applications /
|c Pablo Martinez de Anguita and John E. Wagner.
|
| 260 |
|
|
|a New York :
|b Routledge,
|c 2010.
|
| 300 |
|
|
|a xiv, 190 p. :
|b ill.
|
| 490 |
1 |
|
|a Routledge studies in ecological economics
|
| 504 |
|
|
|a Includes bibliographical references (p. [172]-186) and index.
|
| 533 |
|
|
|a Electronic reproduction. Ann Arbor, MI : ProQuest, 2015. Available via World Wide Web. Access may be limited to ProQuest affiliated libraries.
|
| 650 |
|
0 |
|a Environmental economics.
|
| 650 |
|
0 |
|a Social accounting
|x Environmental aspects.
|
| 650 |
|
0 |
|a Natural resources.
|
| 650 |
|
0 |
|a Sustainable development.
|
| 655 |
|
4 |
|a Electronic books.
|
| 700 |
1 |
|
|a Wagner, John E.
|
| 710 |
2 |
|
|a ProQuest (Firm)
|
| 830 |
|
0 |
|a Routledge studies in ecological economics.
|
| 856 |
4 |
0 |
|u https://ebookcentral.proquest.com/lib/matrademy/detail.action?docID=515355
|z Click to View
|